Największe Miasta na Świecie! Pod Względem Liczby Ludności - Statystyki

Ogólne statystyki
  • Ten quiz został rozwiązany 218 razy
  • Średni wynik to 6 z 15
Statystyki odpowiedzi
Liczba Ludności Odpowiedź (Miasto) % Poprawnych
37 274 000 Tokio
94%
21 333 332 Pekin
86%
32 065 760 Delhi
55%
28 516 904 Szanghaj
54%
15 636 243 Stambuł
50%
21 750 020 Kair
43%
22 429 800 Sao Paulo
39%
20 961 472 Mumbaj
30%
15 387 639 Lagos
28%
22 085 140 Mexico City
26%
22 478 116 Dhaka
25%
19 059 856 Osaka
24%
15 628 085 Kinszasa
8%
16 839 950 Karachi
5%
16 874 740 Chongqing
3%
Nie znaleziono quizów pasujących do podanych kryteriów
Rozkład punktacji
Procent ludzi z każdym wynikiem
Percentyl według liczby udzielonych odpowiedzi
Twoja historia wyników
Nie rozwiązałeś tego quizu